000
00320nam a2200157Ia 4500
100
_a
Luthans/Fred
250
_a
12
942
_c
BK
366
_f
25
245
_a
Organisational Behaviour
260
_b
McGraw - Hill
_c
2011
082
_a
302.35
_b
LUT
300
_a
574
546
_a
ENGLISH
_c
Info.Tech
999
_c
30079
_d
30079